Development of a methodology and platform for the measurement of low-frequency magnetic field biological effects : dátum obhajoby 10.12.2025
Na minha lista:
| Autor principal: | |
|---|---|
| Outros Autores: | |
| Formato: | Manuscrito Livro |
| Idioma: | eslovaco inglês |
| Publicado em: |
Bratislava :
STU v Bratislave FEI,
2025
|
| Assuntos: | |
| Acesso em linha: | https://opac.crzp.sk/?fn=detailBiblioFormChildGALE7L&sid=29837531D12ABA4A4CA0BEBF9AF2&seo=CRZP-detail-kniha |
| Tags: |
Sem tags, seja o primeiro a adicionar uma tag!
|
MARC
| LEADER | 00000ntm a22000003a 4500 | ||
|---|---|---|---|
| 001 | stuzp86511 | ||
| 003 | SK-STU | ||
| 005 | 20260127095850.2 | ||
| 007 | ta | ||
| 008 | 150427s2015----xo-----f-mn---000-0-slo-d | ||
| 040 | |a STU |b slo | ||
| 041 | 0 | |a eng | |
| 044 | |a xo | ||
| 100 | 1 | |a Vu Viet, Hoang |u 034000 |4 aut |U FEI Fakulta elektrotechniky a informatiky |T FEI Ústav elektrotechniky |X 70029 |U E040 |Y 550 |7 70029 | |
| 242 | 0 | 1 | |a Vývoj metodiky a platformy na meranie biologických účinkov nízkofrekvenčného magnetického poľa |y slo |
| 245 | 1 | 0 | |a Development of a methodology and platform for the measurement of low-frequency magnetic field biological effects : |b dátum obhajoby 10.12.2025 |
| 260 | |a Bratislava : |b STU v Bratislave FEI, |c 2025 | ||
| 300 | |a 140 s., príl. | ||
| 650 | 4 | |a nízkofrekvenčné magnetické polia |2 slo | |
| 650 | 4 | |a turbidimetria |2 slo | |
| 650 | 4 | |a Saccharomyces cerevisiae |2 slo | |
| 650 | 4 | |a impedančná spektroskopia |2 slo | |
| 650 | 4 | |a odhad koncentrácie buniek |2 slo | |
| 650 | 4 | |a turbidimetry |2 eng | |
| 650 | 4 | |a real-time monitoring |2 eng | |
| 650 | 4 | |a impedance spectroscopy |2 eng | |
| 650 | 4 | |a Saccharomyces cerevisiae |2 eng | |
| 650 | 4 | |a cell concentration estimation |2 eng | |
| 650 | 4 | |a low-frequency magnetic fields |2 eng | |
| 700 | 1 | |a Teplan, Michal |4 ths |X 39812 |7 39812 | |
| 856 | 4 | |u https://opac.crzp.sk/?fn=detailBiblioFormChildGALE7L&sid=29837531D12ABA4A4CA0BEBF9AF2&seo=CRZP-detail-kniha | |